Fr. Conceicao Rodrigues College of Engineering

Understanding Big Data:Analytics for enterprise class Hadoop and streaming Data (Record no. 23639)

MARC details
000 -LEADER
fixed length control field 00418nam a2200169Ia 4500
082 ## - DEWEY DECIMAL CLASSIFICATION NUMBER
Classification number 5.73
Item number EAT
100 ## - MAIN ENTRY--PERSONAL NAME
Personal name Eaton/Chris/ Deroos/Diak
245 ## - TITLE STATEMENT
Title Understanding Big Data:Analytics for enterprise class Hadoop and streaming Data
260 ## - PUBLICATION, DISTRIBUTION, ETC.
Name of publisher, distributor, etc. McGraw - Hill
Date of publication, distribution, etc. 2012
366 ## - TRADE AVAILABILITY INFORMATION
Publishers's discount category 20
300 ## - PHYSICAL DESCRIPTION
Extent 141
546 ## - LANGUAGE NOTE
Language note ENGLISH
-- electronics
650 ## - SUBJECT ADDED ENTRY--TOPICAL TERM
Topical term or geographic name entry element Big data
654 ## - SUBJECT ADDED ENTRY--FACETED TOPICAL TERMS
Focus term big data
942 ## - ADDED ENTRY ELEMENTS (KOHA)
Koha item type BOOK
Holdings
Withdrawn status Lost status Damaged status Not for loan Collection Home library Current library Date acquired Source of acquisition Cost, normal purchase price Inventory number Total Checkouts Full call number Barcode Date last seen Cost, replacement price Price effective from Koha item type
        CRC Fr. Agnel's C.Rodrigues College of Engineering Fr. Agnel's C.Rodrigues College of Engineering 17/03/2023 Shroff Publishers 176.00 4535 dt 10.03.2017   5.73 EAT 24695 17/03/2023 220.00   BOOK